|
|
|
|
| LEADER |
00000ntm a22000007u 4500 |
| 001 |
zp34536 |
| 041 |
|
|
|a cze
|
| 100 |
1 |
|
|a Donoval, Jana
|4 dis
|
| 245 |
1 |
0 |
|a Komparace školských systémů Irska a Česka z pohledu multikulturní edukace
|
| 246 |
|
|
|a Comparison of School Systems of Ireland and the Czech Republic from the Perspective of Multicultural Education
|
| 260 |
|
|
|c 2014
|
| 300 |
|
|
|a 51 s.
|
| 500 |
|
|
|a Studijní obor: Sociální pedagogika
|
| 500 |
|
|
|a Studijní obor: Social pedagogy
|
| 500 |
|
|
|a Ústav: Ústav pedagogických věd
|
| 500 |
|
|
|a Univerzita Tomáše Bati ve Zlíně. Fakulta humanitních studií
|
| 500 |
|
|
|a Tomas Bata University in Zlín. Faculty of Humanities
|
| 506 |
|
|
|a Bez omezení
|
| 653 |
|
|
|a Edukace
|
| 653 |
|
|
|a komparace
|
| 653 |
|
|
|a multikulturní výchova
|
| 653 |
|
|
|a Česká republika
|
| 653 |
|
|
|a Irsko
|
| 653 |
|
|
|a systém vzdělávání
|
| 653 |
|
|
|a Education
|
| 653 |
|
|
|a comparison
|
| 653 |
|
|
|a multicultural education
|
| 653 |
|
|
|a the Czech Republic
|
| 653 |
|
|
|a Ireland
|
| 653 |
|
|
|a the system of education
|
| 655 |
|
4 |
|a bakalářská práce
|
| 700 |
1 |
|
|a Balvín, Jaroslav
|4 ths
|
| 710 |
2 |
|
|a Univerzita Tomáše Bati ve Zlíně. Fakulta humanitních studií
|4 dgg
|
| 710 |
2 |
|
|a Tomas Bata University in Zlín. Faculty of Humanities
|4 dgg
|
| 856 |
4 |
0 |
|u http://hdl.handle.net/10563/28805
|y Plný text v Digitální knihovně UTB
|